000 00522nam a2200181Ia 4500
005 20250508150306.0
008 008 250505s9999 xx 000 0 eng d
037 _aTextual
040 _aFEDL
_beng
_cFEDL
041 _aeng
_2eng
084 _a193.2, WAT
_qFEDL
100 _aWatson John
245 0 _aPhilosophy of kant: As contained in extracts from his own writing
260 _aGlasgow
_bJackson, Wylie and Co.
_c1934
300 _ax,356p
942 _cTEXL
_h193.2, WAT
999 _c1322842
_d1322842